00473nam a2200157Ia 450000500170000000800410001702000150005808200130007310000180008624500240010426000550012830000140018394200060019795200970020399900150030020250613021933.0240331s9999 xx 000 0 und d a9559170015 bGUNa307 aGunasekera, S 0aSanwardena adahilla aBoralesgamuwabPublishers of the Publicationc1994 a112 p ., cL 001040708LaWERCLbWERCLcSSCd2024-03-31l0o 307.7 GUNp3327r2024-03-31w2024-03-31yL c2215d2215